00650nam a2200193Ia 4500008004100000082001700041100001600058245004500074250000800119260003100127300001100158500002400169650001500193700001600208942000700224952010400231952010400335999001700439230524s9999 xx 000 0 und d a658.895bMAM aC.B.Mamoria 2aA Text Book of Human Resource Management a4TH aNEW DELHIbHimalayanc2005 aXI;398 aQuantity Number: 2 aManagement a S.V.Gankar cBK 00104070aTATCLbTATCLcGENd2023-05-24l0o658.895 MAMp9257r2023-05-24w2023-05-24yBKzMBA305 00104070aTATCLbTATCLcGENd2023-05-24l0o658.895 MAMp9258r2023-05-24w2023-05-24yBKzMBA305 c34278d34278